| 000 | 00667nam a2200181 4500 | ||
|---|---|---|---|
| 001 | 126852 | ||
| 003 | ES-MaACL | ||
| 007 | t| | ||
| 008 | 070214s1933 sp r ||||1| spa d | ||
| 100 | 1 |
_aRibbert, Hugo. _996742 |
|
| 245 | 1 | 0 |
_aTratado de Patología General y Anatomía Patológica / _ciniciado por el Prof. H. Ribbert ; edición completamente reformada por Carl Sterbeng ; traducido de la 2ª edición alemana por el Dr. Francisco Piñero. |
| 250 | _a2ª ed. | ||
| 260 |
_aMadrid : _bLabor, _c1933. |
||
| 300 |
_aXVI, 708 p. : _bil. ; _c25 x 17 cm. |
||
| 700 | 1 |
_aSternberg, Carl. _9108133 |
|
| 700 | 1 |
_aPiñero, Francisco. _992274 |
|
| 852 |
_aES-MaACL _jE-1682 |
||
| 999 |
_c126852 _d126852 |
||